000 00658nam a22001935i 4500
001 157343
003 ES-MaACL
005 20230906210646.0
008 970612s1895 fr |||| | fre d
040 _aAR
_bspa
_cAR
100 1 _aLe Bon, Gustave.
_970835
245 1 0 _aLois psychologiques de l'évolution des peuples /
_cpar Gustave Le Bon.
250 _a2\pe\s ed.
_brevue et augmentée.
260 _aParis :
_bAncienne Librairie Germer Baillière et C\pie\s, Félix Alcan, éditeur,
_c1895.
300 _a186 p. ;
_c15 cm.
700 1 1 _aAlcan, Felix,
_eed.
_9125590
752 _aFrancia -
_d, París
852 _aES-MaACL
_jF-11873
_z-- Enc. hol.
999 _c157343
_d157343